[Event "Olympiad Women-43"]
[Site "Batumi"]
[Date "2018.10.02"]
[Round "8.2"]
[White "Jacimovic, Sara"]
[Black "Rovira Contreras, Tairu Manuela"]
[Result "0-1"]
[WhiteElo "1960"]
[BlackElo "2033"]
[PlyCount "82"]
[EventDate "2018.09.24"]
[EventType "team-swiss"]
[EventRounds "11"]
[EventCountry "GEO"]
[SourceTitle "EXT 2020"]
[Source "ChessBase"]
[SourceDate "2019.10.17"]
[SourceVersion "1"]
[SourceVersionDate "2019.10.17"]
[SourceQuality "1"]
[WhiteTeam "Bosnia&Herzegovina (W)"]
[BlackTeam "Venezuela (W)"]
[WhiteTeamCountry "BIH"]
[BlackTeamCountry "VEN"]

1. d4 Nf6 2. c4 g6 3. Nc3 Bg7 4. e4 d6 5. Be2 0-0 6. Nf3 e5 7. 0-0 Nc6 8. d5 Ne7 9. Ne1 Ne8 10. Be3 f5 11. f3 f4 12. Bf2 g5 13. c5 Rf7 14. a4 h5 15. a5 Bf8 16. Nd3 Rg7 17. Nb5 g4 18. Kh1 g3 19. Bg1 Ng6 20. Re1 Qg5 21. Bf1 Nh4 22. Qd2 gxh2 23. Bxh2 a6 24. Na3 Ng6 25. Qf2 h4 26. Nc1 Nf6 27. Bc4 Nh5 28. b4 Ng3+ 29. Kg1 h3 30. Bf1 Nh4 31. Ra2 hxg2 32. Bxg2 dxc5 33. Bxg3 fxg3 34. Qc2 cxb4 35. Nb1 Rf7 36. Nd2 Nxg2 37. Kxg2 Rh7 38. Nf1 Bh3+ 39. Kg1 b6 40. Nd3 Bxf1 41. Rxf1 Qe3+ 0-1

[Event "Olympiad Women-43"]
[Site "Batumi"]
[Date "2018.09.30"]
[Round "6.47"]
[White "Jacimovic, Sara"]
[Black "Fuentes Godoy, Lilia Ivonne"]
[Result "0-1"]
[WhiteElo "1960"]
[BlackElo "2079"]
[PlyCount "68"]
[EventDate "2018.09.24"]
[EventType "team-swiss"]
[EventRounds "11"]
[EventCountry "GEO"]
[SourceTitle "EXT 2020"]
[Source "ChessBase"]
[SourceDate "2019.10.17"]
[SourceVersion "1"]
[SourceVersionDate "2019.10.17"]
[SourceQuality "1"]
[WhiteTeam "Bosnia&Herzegovina (W)"]
[BlackTeam "Mexico (W)"]
[WhiteTeamCountry "BIH"]
[BlackTeamCountry "MEX"]

1. e4 c6 2. d4 d5 3. e5 Bf5 4. Nf3 e6 5. Be2 Ne7 6. 0-0 Ng6 7. c3 Nd7 8. Nbd2 Nf4 9. Nb3 Nxe2+ 10. Qxe2 Be7 11. Be3 0-0 12. Ne1 f6 13. f4 fxe5 14. fxe5 a5 15. Nd3 a4 16. Nbc1 Nb6 17. g4 Be4 18. Nf4 Qd7 19. Ncd3 Nc4 20. Bc1 g5 21. Nh5 Rxf1+ 22. Qxf1 Rf8 23. Nf6+ Bxf6 24. exf6 Bxd3 25. Qxd3 Rxf6 26. Bxg5 Rg6 27. Bf4 e5 28. dxe5 Qxg4+ 29. Bg3 h5 30. Kh1 h4 31. Rg1 Nxe5 32. Qd4 Qf3+ 33. Rg2 hxg3 34. Qxe5 Qf1+ 0-1

[Event "Olympiad Women-43"]
[Site "Batumi"]
[Date "2018.09.26"]
[Round "3.35"]
[White "Razan, Alshaeby"]
[Black "Jacimovic, Sara"]
[Result "0-1"]
[WhiteElo "1712"]
[BlackElo "1960"]
[PlyCount "66"]
[EventDate "2018.09.24"]
[EventType "team-swiss"]
[EventRounds "11"]
[EventCountry "GEO"]
[SourceTitle "EXT 2020"]
[Source "ChessBase"]
[SourceDate "2019.10.17"]
[SourceVersion "1"]
[SourceVersionDate "2019.10.17"]
[SourceQuality "1"]
[WhiteTeam "Jordan (W)"]
[BlackTeam "Bosnia&Herzegovina (W)"]
[WhiteTeamCountry "JOR"]
[BlackTeamCountry "BIH"]

1. e4 e5 2. d4 exd4 3. c3 dxc3 4. Nxc3 Nc6 5. Bc4 d6 6. Nf3 Nf6 7. Qb3 Qd7 8. Ng5 Ne5 9. Bb5 c6 10. f4 cxb5 11. fxe5 dxe5 12. 0-0 h6 13. Rxf6 gxf6 14. Nd5 Bg7 15. Nf3 Qc6 16. Bd2 Be6 17. Rc1 Bxd5 18. exd5 Qd7 19. Bb4 a5 20. Be1 Bf8 21. Bg3 Bd6 22. Qe3 Rc8 23. Rxc8+ Qxc8 24. Bf2 Qc7 25. Nd4 Bc5 26. Qg3 Bxd4 27. Bxd4 Qc1+ 28. Kf2 Qd2+ 29. Kf1 Qxd4 30. Qg7 Rf8 31. g3 Ke7 32. Qxh6 Rc8 33. h4 Rc2 0-1

[Event "CRO-chT (Women) 26th"]
[Site "Mali Losinj"]
[Date "2017.10.05"]
[Round "9.11"]
[White "Zarkovic, Mila"]
[Black "Jacimovic, Sara"]
[Result "1-0"]
[WhiteElo "2242"]
[BlackElo "1975"]
[PlyCount "97"]
[EventDate "2017.09.28"]
[EventType "team-tourn"]
[EventRounds "9"]
[EventCountry "CRO"]
[SourceTitle "EXT 2018"]
[Source "ChessBase"]
[SourceDate "2017.10.13"]
[SourceVersion "1"]
[SourceVersionDate "2017.10.13"]
[SourceQuality "1"]
[WhiteTeam "Djakovo (W)"]
[BlackTeam "Djakovo Dama (W)"]
[WhiteTeamCountry "CRO"]
[BlackTeamCountry "CRO"]

1. e4 e5 2. Nf3 Nc6 3. Bb5 a6 4. Ba4 Nf6 5. 0-0 Be7 6. Re1 b5 7. Bb3 d6 8. a4 Bg4 9. c3 0-0 10. d4 Na5 11. Bc2 c5 12. dxe5 Bxf3 13. Qxf3 dxe5 14. Nd2 Re8 15. Qg3 Bf8 16. Nf3 Nc6 17. Bg5 Qd6 18. Nh4 Qe6 19. Nf5 Kh8 20. Qh4 Nd7 21. Re3 f6 22. Rh3 Qg8 23. Be3 g6 24. Rd1 Ncb8 25. Nd6 Bxd6 26. Rxd6 Rf8 27. b4 c4 28. a5 Rf7 29. f4 Qf8 30. Re6 Qg8 31. Bd1 Qd8 32. Be2 Nf8 33. Bb6 Qd2 34. Rxf6 Rxf6 35. Qxf6+ Kg8 36. Bf1 Qxf4 37. Qe7 Qxe4 38. Rf3 Nbd7 39. Rf7 Qd5 40. Rg7+ Kh8 41. Be2 Rb8 42. Be3 Re8 43. Rxh7+ Nxh7 44. Qxe8+ Nhf8 45. Qe7 Kg8 46. Bf3 Qf7 47. Qd6 Qf6 48. Qxf6 Nxf6 49. Bb7 1-0

[Event "CRO-chT (Women) 26th"]
[Site "Mali Losinj"]
[Date "2017.09.28"]
[Round "1.31"]
[White "Jacimovic, Sara"]
[Black "Bulmaga, Irina"]
[Result "0-1"]
[WhiteElo "1975"]
[BlackElo "2423"]
[PlyCount "60"]
[EventDate "2017.09.28"]
[EventType "team-tourn"]
[EventRounds "9"]
[EventCountry "CRO"]
[SourceTitle "EXT 2018"]
[Source "ChessBase"]
[SourceDate "2017.10.13"]
[SourceVersion "1"]
[SourceVersionDate "2017.10.13"]
[SourceQuality "1"]
[WhiteTeam "Djakovo Dama (W)"]
[BlackTeam "Rijeka Draga (W)"]
[WhiteTeamCountry "CRO"]
[BlackTeamCountry "CRO"]

1. d4 Nf6 2. e3 g6 3. Bd3 Bg7 4. f4 0-0 5. Nf3 c5 6. c3 d6 7. 0-0 Nc6 8. Bc2 Bg4 9. d5 Nb8 10. e4 e6 11. h3 Bxf3 12. Qxf3 Nbd7 13. dxe6 fxe6 14. Bb3 Qe7 15. f5 c4 16. Bc2 Ne5 17. Qe3 Qc7 18. Na3 a6 19. Bd2 Rae8 20. fxg6 hxg6 21. Rae1 Rf7 22. b3 b5 23. b4 Ref8 24. Nb1 Nh5 25. Bc1 Nf4 26. Rxf4 Rxf4 27. Qg3 Rf2 28. Na3 Qf7 29. Be3 Rf1+ 30. Kh2 Ng4+ 0-1

[Event "Olympiad Women-42"]
[Site "Baku"]
[Date "2016.09.10"]
[Round "8.3"]
[White "Vrbova, Niki"]
[Black "Jacimovic, Sara"]
[Result "1-0"]
[WhiteElo "2186"]
[BlackElo "1992"]
[PlyCount "59"]
[EventDate "2016.09.02"]
[EventType "team-swiss"]
[EventRounds "11"]
[EventCountry "AZE"]
[SourceTitle "CBM 174 Extra"]
[Source "ChessBase"]
[SourceDate "2016.10.10"]
[SourceVersion "1"]
[SourceVersionDate "2016.10.10"]
[SourceQuality "1"]
[WhiteTeam "Slovakia (W)"]
[BlackTeam "Bosnia&Herzegovina (W)"]
[WhiteTeamCountry "SVK"]
[BlackTeamCountry "BIH"]

1. e4 e5 2. Nf3 Nc6 3. Bc4 Bc5 4. c3 Nf6 5. d3 d6 6. 0-0 0-0 7. b4 Bb6 8. a4 a5 9. b5 Ne7 10. Be3 c6 11. bxc6 bxc6 12. Nbd2 d5 13. exd5 cxd5 14. Bxb6 Qxb6 15. Bb5 Ng6 16. Qe2 Qc7 17. Rac1 Bd7 18. c4 Nf4 19. Qxe5 Qxe5 20. Nxe5 Ne2+ 21. Kh1 Nxc1 22. Rxc1 Ra7 23. c5 Rb8 24. Bxd7 Rb2 25. c6 Rxd2 26. h3 Rc7 27. Rb1 Kf8 28. Rb7 Rxb7 29. cxb7 Rb2 30. Bb5 1-0

[Event "EU-ch U18 Girls 25th"]
[Site "Porec"]
[Date "2015.09.30"]
[Round "9"]
[White "Mammadova, Narmin Fazahir Qizi"]
[Black "Jacimovic, Sara"]
[Result "1-0"]
[WhiteElo "2223"]
[BlackElo "2009"]
[PlyCount "95"]
[EventDate "2015.09.21"]
[EventType "swiss"]
[EventRounds "9"]
[EventCountry "CRO"]
[SourceTitle "EXT 2016"]
[Source "ChessBase"]
[SourceDate "2015.10.08"]
[SourceVersion "1"]
[SourceVersionDate "2015.10.08"]
[SourceQuality "1"]

1. Nf3 Nf6 2. g3 d5 3. Bg2 Bf5 4. d3 e6 5. Nbd2 Be7 6. 0-0 0-0 7. b3 h6 8. Bb2 c5 9. Qe1 Nc6 10. e4 Bh7 11. Qe2 b5 12. a4 a6 13. exd5 Nxd5 14. Ne5 Nxe5 15. Bxe5 Rc8 16. axb5 axb5 17. Ne4 Nf6 18. Ra6 Nxe4 19. dxe4 c4 20. Rd1 Qe8 21. h4 Kh8 22. Bh3 Rc6 23. Ra7 Bc5 24. Qg4 Rg8 25. Rb7 f6 26. Bf4 Qg6 27. Qxg6 Bxg6 28. bxc4 bxc4 29. Rdd7 e5 30. Bc1 Rd6 31. Rxd6 Bxd6 32. Rd7 Bb4 33. Be6 Ra8 34. Bd5 Be8 35. Rb7 Bd6 36. Rb6 Ra1 37. Rxd6 Rxc1+ 38. Kg2 Bh5 39. Rd8+ Kh7 40. Bg8+ Kg6 41. Rf8 Bg4 42. Bf7+ Kh7 43. h5 Bxh5 44. Bxh5 Rxc2 45. Bg4 h5 46. Bf5+ g6 47. Rf7+ Kg8 48. Bxg6 1-0

[Event "EU-ch U18 Girls 25th"]
[Site "Porec"]
[Date "2015.09.29"]
[Round "8"]
[White "Jacimovic, Sara"]
[Black "Sajjadi, Kimiya"]
[Result "1-0"]
[WhiteElo "2009"]
[BlackElo "1840"]
[PlyCount "107"]
[EventDate "2015.09.21"]
[EventType "swiss"]
[EventRounds "9"]
[EventCountry "CRO"]
[SourceTitle "EXT 2016"]
[Source "ChessBase"]
[SourceDate "2015.10.08"]
[SourceVersion "1"]
[SourceVersionDate "2015.10.08"]
[SourceQuality "1"]

1. e4 e6 2. d3 c5 3. Nd2 Nc6 4. Ne2 g6 5. g3 Bg7 6. Bg2 Nge7 7. 0-0 0-0 8. c3 e5 9. f4 d5 10. Qc2 Bg4 11. Nf3 dxe4 12. dxe4 Qc7 13. h3 Be6 14. Ng5 Bc4 15. Be3 Rad8 16. Rfd1 b6 17. Bf1 Qc8 18. Nf3 Be6 19. g4 exf4 20. Nxf4 Bh6 21. Rxd8 Rxd8 22. Qf2 Bg7 23. Ng5 Ne5 24. Nfxe6 fxe6 25. Bc4 Nxc4 26. Qf7+ Kh8 27. Nxe6 Rg8 28. Bg5 Ne5 29. Qxe7 Nf3+ 30. Kg2 Nxg5 31. Nxg5 Re8 32. Qxa7 h6 33. Nf3 Rxe4 34. Qxb6 Qa8 35. Rf1 Qxa2 36. Rf2 Qc4 37. Qxg6 Re2 38. Qb1 Qe6 39. Qf5 Qe3 40. Nh4 Rxf2+ 41. Qxf2 Qe4+ 42. Nf3 c4 43. Qe1 Qb7 44. Qe8+ Kh7 45. Qe2 Qb3 46. Qd2 Qb7 47. Kf2 Qf7 48. Kg3 Bf6 49. Qf4 Qe6 50. Qf5+ Qxf5 51. gxf5 h5 52. Kf4 Bg7 53. Ne5 Bh6+ 54. Ke4 1-0

[Event "EU-ch U18 Girls 25th"]
[Site "Porec"]
[Date "2015.09.22"]
[Round "2"]
[White "Jacimovic, Sara"]
[Black "Khomeriki, Nino"]
[Result "0-1"]
[WhiteElo "2009"]
[BlackElo "2296"]
[PlyCount "66"]
[EventDate "2015.09.21"]
[EventType "swiss"]
[EventRounds "9"]
[EventCountry "CRO"]
[SourceTitle "EXT 2016"]
[Source "ChessBase"]
[SourceDate "2015.10.08"]
[SourceVersion "1"]
[SourceVersionDate "2015.10.08"]
[SourceQuality "1"]

1. d4 Nf6 2. Nf3 c5 3. d5 g6 4. c4 Bg7 5. Nc3 d6 6. e4 0-0 7. g3 e6 8. Bg2 exd5 9. cxd5 b5 10. Nd2 b4 11. Ne2 Ba6 12. 0-0 Re8 13. Re1 Nbd7 14. a3 Qb6 15. Nf4 Ne5 16. Bf1 Bxf1 17. Rxf1 a5 18. Kg2 c4 19. axb4 axb4 20. Rxa8 Rxa8 21. Qe2 Qd4 22. Re1 g5 23. Nh3 Nd3 24. Rd1 Ra1 25. Nb3 cxb3 26. Rxd3 Qxe4+ 27. Qxe4 Nxe4 28. Bxg5 Nc5 29. Rd2 Ra2 30. Re2 Bxb2 31. Bh6 Be5 32. Re1 b2 33. Nf4 Ra1 0-1

[Event "EU-ch U18 Girls 25th"]
[Site "Porec"]
[Date "2015.09.21"]
[Round "1"]
[White "Jacimovic, Sara"]
[Black "Sagadijeva, Anna"]
[Result "1-0"]
[WhiteElo "2009"]
[BlackElo "1799"]
[PlyCount "115"]
[EventDate "2015.09.21"]
[EventType "swiss"]
[EventRounds "9"]
[EventCountry "CRO"]
[SourceTitle "EXT 2016"]
[Source "ChessBase"]
[SourceDate "2015.10.08"]
[SourceVersion "1"]
[SourceVersionDate "2015.10.08"]
[SourceQuality "1"]

1. e4 d5 2. exd5 Qxd5 3. Nc3 Qd6 4. d4 c6 5. Nf3 Nf6 6. g3 Bg4 7. Bg2 g6 8. 0-0 Bg7 9. h3 Bxf3 10. Bxf3 0-0 11. Bf4 Qd7 12. Kg2 Rd8 13. Qe2 Nd5 14. Nxd5 cxd5 15. c3 Nc6 16. Rad1 Rac8 17. h4 e6 18. h5 f5 19. Rh1 Kf7 20. Rh2 Rh8 21. Rdh1 Rce8 22. Qd1 Qd8 23. Qd2 Na5 24. b3 b5 25. Be2 a6 26. Be5 Nc6 27. Bxg7 Kxg7 28. Bf3 g5 29. h6+ Kf6 30. Rh5 Rhg8 31. Re1 g4 32. Bd1 Kg6 33. Reh1 e5 34. dxe5 Rxe5 35. Qf4 Kf6 36. R1h4 Ke6 37. Bc2 Qf6 38. Rh1 Ne7 39. c4 Rc8 40. cxd5+ Nxd5 41. Bxf5+ Ke7 42. Qxg4 Rf8 43. Qg7+ Rf7 44. Qxf6+ Nxf6 45. Rg5 Ne4 46. Bxe4 Rxg5 47. Rc1 Kd7 48. f3 Re5 49. Rc2 Rfe7 50. g4 Kd8 51. Kg3 Rd7 52. Rc6 a5 53. Bf5 Rf7 54. Rc8+ Ke7 55. Rc7+ Ke8 56. Rxf7 Kxf7 57. Bxh7 Re2 58. g5 1-0

[Event "Valpovo op (Women) 17th"]
[Site "Valpovo"]
[Date "2014.12.05"]
[Round "2.1"]
[White "Jacimovic, Sara"]
[Black "Saric, Zrinka"]
[Result "1/2-1/2"]
[WhiteElo "2000"]
[BlackElo "2138"]
[PlyCount "74"]
[EventDate "2014.12.05"]
[EventType "swiss (rapid)"]
[EventRounds "7"]
[EventCountry "CRO"]
[SourceTitle "EXT 2023"]
[Source "ChessBase"]
[SourceDate "2022.10.05"]
[SourceVersion "1"]
[SourceVersionDate "2022.10.05"]
[SourceQuality "1"]

1. c4 c5 2. Nc3 Nc6 3. Nf3 g6 4. e3 Nf6 5. d4 cxd4 6. Nxd4 Bg7 7. Nxc6 bxc6 8. Be2 0-0 9. 0-0 d5 10. Qa4 Qb6 11. Rd1 Be6 12. Rb1 Rfd8 13. cxd5 cxd5 14. Qb5 Qc7 15. Bd2 Rab8 16. Qa4 Qb7 17. b3 Nd7 18. Nb5 Ne5 19. Nd4 Bd7 20. Qa3 Nc6 21. Bc3 Nxd4 22. Bxd4 e5 23. Bc5 Bc6 24. Bf1 Rd7 25. Rbc1 Rbd8 26. Qa6 Qa8 27. Bb5 Bxb5 28. Qxb5 a6 29. Qa4 Rc7 30. Ba3 Rxc1 31. Rxc1 Rc8 32. Qd7 Rxc1+ 33. Bxc1 Bf6 34. Bb2 Bg7 35. h3 e4 36. Bxg7 Kxg7 37. g3 h5 1/2-1/2

[Event "Olympiad Women-41"]
[Site "Tromsoe"]
[Date "2014.08.14"]
[Round "11.4"]
[White "Stoeri, Laura"]
[Black "Jacimovic, Sara"]
[Result "1-0"]
[WhiteElo "2123"]
[BlackElo "2032"]
[PlyCount "131"]
[EventDate "2014.08.02"]
[EventType "team-swiss"]
[EventRounds "11"]
[EventCountry "NOR"]
[SourceTitle "CBM 162"]
[Source "ChessBase"]
[SourceDate "2014.09.17"]
[SourceVersion "1"]
[SourceVersionDate "2014.09.17"]
[SourceQuality "1"]
[WhiteTeam "Switzerland (W)"]
[BlackTeam "Bosnia&Hercegovina (W)"]
[WhiteTeamCountry "SUI"]
[BlackTeamCountry "BIH"]

1. e4 c5 2. d3 d6 3. f4 Nc6 4. Nf3 e6 5. Be2 Nf6 6. 0-0 d5 7. e5 Nd7 8. Qe1 g6 9. Nc3 a6 10. Qg3 Qc7 11. Bd2 Nd4 12. Bd1 Nf5 13. Qe1 h5 14. Ng5 Be7 15. a4 Qc6 16. a5 b5 17. axb6 Qxb6 18. Na4 Qa7 19. c4 Bxg5 20. fxg5 Bb7 21. Nc3 Qb6 22. Ba4 0-0-0 23. Rb1 dxc4 24. dxc4 Qc7 25. Bf4 Nb6 26. Bc2 Rd4 27. b3 Qc6 28. Qe2 Nh4 29. Bg3 Nf5 30. Bxf5 gxf5 31. h4 Rg4 32. Rf3 Rd8 33. Kh2 Rdd4 34. Rbf1 Qd7 35. R3f2 Bc6 36. Rd1 Kb7 37. Rf4 Rxd1 38. Qxd1 Rxf4 39. Bxf4 Qd4 40. Qxd4 cxd4 41. Ne2 d3 42. Ng3 Nd7 43. Nxh5 Nxe5 44. Bd2 Ng6 45. Kh3 e5 46. g3 Kc7 47. Nf6 Kd6 48. h5 Nh8 49. Kh2 Bf3 50. b4 Bd1 51. Kg2 Bb3 52. c5+ Kc6 53. Kf2 Bc4 54. Bc3 e4 55. Ke3 Ng6 56. hxg6 fxg6 57. Kd4 Bf7 58. Bd2 Bb3 59. g4 Bf7 60. gxf5 gxf5 61. Bc3 Bb3 62. g6 Ba2 63. g7 a5 64. bxa5 e3 65. Kxe3 Kxc5 66. Kxd3 1-0

[Event "Olympiad Women-41"]
[Site "Tromsoe"]
[Date "2014.08.09"]
[Round "7.3"]
[White "Liao, Jo Yu"]
[Black "Jacimovic, Sara"]
[Result "0-1"]
[WhiteElo "1478"]
[BlackElo "2032"]
[PlyCount "78"]
[EventDate "2014.08.02"]
[EventType "team-swiss"]
[EventRounds "11"]
[EventCountry "NOR"]
[SourceTitle "CBM 162"]
[Source "ChessBase"]
[SourceDate "2014.09.17"]
[SourceVersion "1"]
[SourceVersionDate "2014.09.17"]
[SourceQuality "1"]
[WhiteTeam "Taiwan (W)"]
[BlackTeam "Bosnia&Hercegovina (W)"]
[WhiteTeamCountry "TPE"]
[BlackTeamCountry "BIH"]

1. e4 e5 2. Nf3 Nc6 3. Bc4 Bc5 4. c3 Nf6 5. d3 0-0 6. Bg5 d6 7. 0-0 h6 8. Bh4 a6 9. Bb3 Ba7 10. h3 Ne7 11. Bxf6 gxf6 12. Qd2 Kh7 13. Kh2 Ng6 14. d4 Nf4 15. Nh4 Rg8 16. Bxf7 Rg7 17. Bb3 f5 18. g3 Nxh3 19. exf5 Nxf2 20. Rxf2 Qf6 21. dxe5 dxe5 22. Re2 Bg1+ 23. Kxg1 Qxh4 24. Rg2 Rxg3 25. Rxg3 Qxg3+ 26. Qg2 Qe1+ 27. Qf1 Qg3+ 28. Qg2 Qe1+ 29. Qf1 Qh4 30. Na3 Bd7 31. Qf2 Qg5+ 32. Qg2 Qe3+ 33. Qf2 Qg5+ 34. Kf1 Bxf5 35. Bc2 Rf8 36. Ke1 Kg7 37. Rd1 Bh3 38. Qh2 Qe3+ 39. Qe2 Rf1# 0-1

[Event "Olympiad Women-41"]
[Site "Tromsoe"]
[Date "2014.08.06"]
[Round "5.3"]
[White "Azman Hisham, Nur Najiha"]
[Black "Jacimovic, Sara"]
[Result "1-0"]
[WhiteElo "1886"]
[BlackElo "2032"]
[PlyCount "89"]
[EventDate "2014.08.02"]
[EventType "team-swiss"]
[EventRounds "11"]
[EventCountry "NOR"]
[SourceTitle "CBM 162"]
[Source "ChessBase"]
[SourceDate "2014.09.17"]
[SourceVersion "1"]
[SourceVersionDate "2014.09.17"]
[SourceQuality "1"]
[WhiteTeam "Malaysia (W)"]
[BlackTeam "Bosnia&Hercegovina (W)"]
[WhiteTeamCountry "MAS"]
[BlackTeamCountry "BIH"]

1. d4 d5 2. Nf3 Nf6 3. c4 dxc4 4. Nc3 e6 5. Bg5 h6 6. Bxf6 Qxf6 7. Qa4+ c6 8. Qxc4 Nd7 9. e4 Nb6 10. Qb3 g5 11. h3 Bg7 12. a4 0-0 13. Bd3 Rd8 14. a5 Nd7 15. Bc4 Rb8 16. 0-0 Nf8 17. Ne5 Ra8 18. Rad1 Qe7 19. Nf3 Ng6 20. Ne2 Rb8 21. Qc2 h5 22. Qc1 g4 23. hxg4 hxg4 24. Nh2 Qh4 25. g3 Qh5 26. Nf4 Qg5 27. Nxg6 Qxg6 28. Qf4 Ra8 29. e5 Qc2 30. b3 b5 31. axb6 axb6 32. Nxg4 Ba6 33. Rc1 Qf5 34. Qxf5 exf5 35. Ne3 Rxd4 36. Nxf5 Bxc4 37. bxc4 Re4 38. f4 Bf8 39. Rc2 Ra4 40. Rfc1 Ba3 41. Rd1 Rexc4 42. Rd8+ Bf8 43. Rcd2 Rc1+ 44. Kg2 Rca1 45. Rxf8+ 1-0

[Event "Olympiad Women-41"]
[Site "Tromsoe"]
[Date "2014.08.05"]
[Round "4.4"]
[White "Vanagaite, Giedre"]
[Black "Jacimovic, Sara"]
[Result "0-1"]
[WhiteElo "2032"]
[BlackElo "2032"]
[PlyCount "82"]
[EventDate "2014.08.02"]
[EventType "team-swiss"]
[EventRounds "11"]
[EventCountry "NOR"]
[SourceTitle "CBM 162"]
[Source "ChessBase"]
[SourceDate "2014.09.17"]
[SourceVersion "1"]
[SourceVersionDate "2014.09.17"]
[SourceQuality "1"]
[WhiteTeam "Lithuania (W)"]
[BlackTeam "Bosnia&Hercegovina (W)"]
[WhiteTeamCountry "LTU"]
[BlackTeamCountry "BIH"]

1. d4 d5 2. Nf3 Nf6 3. c4 dxc4 4. e3 e6 5. Bxc4 c5 6. 0-0 a6 7. Nc3 b5 8. Bb3 Bb7 9. Qe2 Nc6 10. Rd1 Qc7 11. d5 exd5 12. Bxd5 b4 13. Ng5 0-0-0 14. Nxf7 Rxd5 15. Nxd5 Qxf7 16. Nb6+ Kc7 17. Nc4 Ne4 18. a3 Nd6 19. Nxd6 Bxd6 20. axb4 Nxb4 21. e4 Re8 22. f3 Qh5 23. g4 Qe5 24. Qg2 Bc6 25. Be3 Bb5 26. Rd2 Nd3 27. Rad1 c4 28. Rc2 Kb7 29. Rb1 Bc5 30. Bxc5 Qxc5+ 31. Kh1 Qe3 32. Re2 Qg5 33. Qg3 Nf4 34. Rd2 Nd3 35. Re2 Rf8 36. Rg2 Qe3 37. Rf1 Bc6 38. Rc2 Bxe4 39. Rxc4 Bxf3+ 40. Rxf3 Qxf3+ 41. Qxf3+ Rxf3 0-1

[Event "Olympiad Women-41"]
[Site "Tromsoe"]
[Date "2014.08.03"]
[Round "2.4"]
[White "Jacimovic, Sara"]
[Black "Kalaiyalahan, Akshaya"]
[Result "1-0"]
[WhiteElo "2032"]
[BlackElo "2016"]
[PlyCount "157"]
[EventDate "2014.08.02"]
[EventType "team-swiss"]
[EventRounds "11"]
[EventCountry "NOR"]
[SourceTitle "CBM 162"]
[Source "ChessBase"]
[SourceDate "2014.09.17"]
[SourceVersion "1"]
[SourceVersionDate "2014.09.17"]
[SourceQuality "1"]
[WhiteTeam "Bosnia&Hercegovina (W)"]
[BlackTeam "England (W)"]
[WhiteTeamCountry "BIH"]
[BlackTeamCountry "ENG"]

1. d4 d5 2. Nf3 Nf6 3. g3 Bf5 4. Bg2 e6 5. 0-0 Bd6 6. Nbd2 h6 7. c4 c6 8. Qb3 Qb6 9. Qd1 Qc7 10. c5 Be7 11. b4 a5 12. bxa5 Qxa5 13. Qb3 Qa6 14. Re1 Qb5 15. Qxb5 cxb5 16. Bf1 Nc6 17. e3 0-0 18. Bxb5 Nb4 19. Rf1 Nc2 20. Rb1 Rxa2 21. Rb2 Rfa8 22. Be2 Rxb2 23. Bxb2 Ra2 24. Bc3 Ra3 25. Nb1 Ra2 26. Nfd2 Ne4 27. Nxe4 Bxe4 28. Nd2 Bg6 29. Rc1 f6 30. Bb5 e5 31. Nb1 Bf5 32. c6 bxc6 33. Bxc6 Be6 34. dxe5 fxe5 35. Bxe5 Nb4 36. Bb5 Rc2 37. Rxc2 Nxc2 38. Nd2 Bb4 39. Nf3 Bg4 40. Kg2 Ne1+ 41. Nxe1 Bxe1 42. Bc6 Be6 43. Kf1 Bb4 44. Ke2 Kf7 45. Kd3 Bc5 46. Bd4 Be7 47. f3 g5 48. Be5 Bc5 49. g4 Ba3 50. h3 Kg8 51. f4 gxf4 52. exf4 Bf7 53. f5 Bc1 54. h4 Kf8 55. Bf6 Bg8 56. Bd8 Kg7 57. f6+ Kh7 58. Bd7 Bf7 59. Be7 Bf4 60. Bf5+ Kg8 61. Kd4 Bd2 62. Bd6 Be1 63. h5 Bf2+ 64. Kd3 Bh4 65. Be7 Bxh5 66. gxh5 Kf7 67. Bg6+ Ke6 68. Bf8 Bxf6 69. Bxh6 Bh8 70. Ke3 Be5 71. Kf3 Kf6 72. Kg4 Bc3 73. Be8 Bb4 74. Bg5+ Kg7 75. h6+ Kh7 76. Kh5 Bc3 77. Bd7 Kh8 78. Kg6 Bb2 79. Be7 1-0

[Event "Mediterranean Flower (Women) 14th"]
[Site "Rijeka"]
[Date "2014.03.07"]
[Round "8"]
[White "Berke, Ana"]
[Black "Jacimovic, Sara"]
[Result "0-1"]
[WhiteElo "2093"]
[BlackElo "2017"]
[PlyCount "100"]
[EventDate "2014.03.02"]
[EventType "tourn"]
[EventRounds "9"]
[EventCountry "CRO"]
[SourceTitle "CBM 159 Extra"]
[Source "ChessBase"]
[SourceDate "2014.04.24"]
[SourceVersion "1"]
[SourceVersionDate "2014.04.24"]
[SourceQuality "1"]

1. e4 c5 2. Nf3 Nc6 3. Bb5 e6 4. 0-0 Nge7 5. Re1 g6 6. d4 cxd4 7. Nxd4 Bg7 8. Nxc6 bxc6 9. Bd3 Qb6 10. Nc3 0-0 11. e5 Nd5 12. Nxd5 cxd5 13. Rb1 d6 14. exd6 Qxd6 15. c4 Bb7 16. Bg5 h6 17. Bh4 dxc4 18. Bf1 Qxd1 19. Rexd1 Bd5 20. Rdc1 Rab8 21. Bxc4 Bxb2 22. Rc2 Rfc8 23. Bg3 Be5 24. Rxb8 Bxb8 25. Bxb8 Rxb8 26. Bf1 Rb1 27. f3 Ra1 28. h4 Bxa2 29. Kh2 Bd5 30. Bb5 Rb1 31. Be8 Kf8 32. Rc8 Ke7 33. Kg3 Rb4 34. Bc6 Rc4 35. Re8+ Kf6 36. Bb5 Rb4 37. Bd3 h5 38. Rc8 a5 39. Rc5 a4 40. Ra5 Bb3 41. Ra7 Ke5 42. Ra5+ Kd4 43. Be4 Kc3 44. Bc6 Kb2 45. Bxa4 Rxa4 46. Rb5 Kc3 47. Rb7 e5 48. Rb5 e4 49. Re5 Kd3 50. Rb5 Be6 0-1

[Event "Mediterranean Flower (Women) 14th"]
[Site "Rijeka"]
[Date "2014.03.06"]
[Round "6"]
[White "Nikolova, Adriana"]
[Black "Jacimovic, Sara"]
[Result "1-0"]
[WhiteElo "2341"]
[BlackElo "2017"]
[PlyCount "61"]
[EventDate "2014.03.02"]
[EventType "tourn"]
[EventRounds "9"]
[EventCountry "CRO"]
[SourceTitle "CBM 159 Extra"]
[Source "ChessBase"]
[SourceDate "2014.04.24"]
[SourceVersion "1"]
[SourceVersionDate "2014.04.24"]
[SourceQuality "1"]

1. e4 c5 2. c3 Nf6 3. e5 Nd5 4. d4 cxd4 5. Nf3 e6 6. cxd4 Nc6 7. Bc4 d6 8. 0-0 dxe5 9. dxe5 Be7 10. Qe2 Qc7 11. Rd1 Nb6 12. Bd3 Nb4 13. Be4 N4d5 14. a4 Bd7 15. a5 Nc4 16. Bxd5 exd5 17. Nc3 Be6 18. Nxd5 Bxd5 19. Rxd5 Qc6 20. Rd1 Qc7 21. Nd4 Rd8 22. Bf4 Nxa5 23. Qg4 g5 24. Bg3 Qb6 25. e6 0-0 26. Nf5 Rxd1+ 27. Rxd1 Qxe6 28. Nxe7+ Qxe7 29. Bd6 Qf6 30. Bxf8 Kxf8 31. Qb4+ 1-0